000
00284nam a22001337a 4500
008
170817b xxu||||| |||| 00| 0 eng d
020
_a
9780201870114
041
_a
eng
080
_2
4TH
_a
51
100
_a
36
101
_a
MAT
245
_a
PRECALCULUS
_c
DEMANA,,F
942
_2
udc
_c
BK
999
_c
23917
_d
23917